El movimiento humano: bases anatomo-fisiológicas

Gorde:
Xehetasun bibliografikoak
Egile Nagusiak: Gorrotxategi, Antxon (Egilea), Aranzabal, Patxi (Egilea)
Formatua: Liburua
Hizkuntza:gaztelania
Argitaratua: Madrid Gymnos 1996
Gaiak:
Etiketak: Etiketa erantsi
Etiketarik gabe, Izan zaitez lehena erregistro honi etiketa jartzen!

MARC

LEADER 00000nam a2200000 a 4500
001 UCO3901
003 CL-VaPUC
008 000728e19960000SP |||||||||||||||||spa|d
082 0 4 |a 612.76  |b GOR  |2 21 
100 0 |a Gorrotxategi, Antxon  |e author  |9 447930 
700 0 |a Aranzabal, Patxi  |e author  |9 447931 
245 1 3 |a El movimiento humano: bases anatomo-fisiológicas 
300 |a 222 p 
942 |c BK 
945 |d 20000728 00:00:00  |a rbrito 
260 |a Madrid  |b Gymnos  |c 1996 
650 0 |a Anatomía humana   |9 269546 
650 0 |a Fisiología humana   |9 269557 
650 0 |a Sistema nervioso  |9 266815 
650 0 |a Músculos  |9 269552 
650 0 |a Sistema respiratorio  |9 329869 
650 7 |a SISTEMA DIGESTIVO  |2 CL-VaPUC  |9 329870 
650 7 |a SISTEMA URINARIO  |2 CL-VaPUC  |9 372744 
583 |a last modification  |c 20000728 00:00:00  |k Rodrigo Vera 
999 |c 290019  |d 290017 
952 |0 0  |1 0  |4 0  |6 612_760000000000000_GOR_1996  |7 0  |8 A  |9 339129  |a BIBEDU  |b BIBEDU  |d 2019-11-20  |i 3633608  |o 612.76 GOR 1996  |p 3633608  |r 2019-11-20  |w 2019-11-20  |y BK  |k EFI